000 00372nam a2200133Ia 4500
008 151001s9999||||xx |||||||||||||| ||und||
100 _aवि के फडके
245 _aदेवपूजा कशी करावी
250 _a1
260 _bअंजली प्रकाशन पुणे
260 _c1993
300 _a96
365 _b18
999 _c971075
_d971072